Mammal Orders Found in Mexico - Statistics

General Stats
  • This quiz has been taken 3 times
  • The average score is 2 of 11
Answer Stats
Answer % Correct
Carnivora
67%
Rodentia
67%
Chiroptera (Bat)
33%
Primates
33%
Artiodactyla (Even-toed ungulate)
0%
Cingulata (Armadillo)
0%
Didelphimorphia (Opossum)
0%
Eulipotyphla
0%
Lagomorpha
0%
Perissodactyla (Odd-toed ungulate)
0%
Pilosa
0%
No matching quizzes found
Score Distribution
Percent of People with Each Score
Percentile by Number Answered
Your Score History
You have not taken this quiz